Traité des maladies congénitales du coeur / (Record no. 89746)
[ view plain ]
| 000 -LEADER | |
|---|---|
| campo de control de longitud fija | 00648nam a2200205 i 4500 |
| 001 - NÚMERO DE CONTROL | |
| campo de control | 89746 |
| 003 - IDENTIFICADOR DE NÚMERO DE CONTROL | |
| campo de control | ES-MaACL |
| 005 - FECHA Y HORA DE LA ÚLTIMA TRANSACCIÓN | |
| campo de control | 20251109132555.0 |
| 007 - CAMPO FIJO DE DESCRIPCIÓN FÍSICA--INFORMACIÓN GENERAL | |
| campo de control de longitud fija | t| |
| 008 - DATOS DE LONGITUD FIJA--INFORMACIÓN GENERAL | |
| campo de control de longitud fija | 050112s1921 fr ||||1| fre d |
| 100 1# - ENTRADA PRINCIPAL--NOMBRE DE PERSONA | |
| Nombre de persona | Laubry, Charles. |
| 9 (RLIN) | 70583 |
| 245 10 - MENCIÓN DEL TÍTULO | |
| Título | Traité des maladies congénitales du coeur / |
| Mención de responsabilidad, etc. | par Ch. Laubry et C. Pezzi ; préface de M. Vaquez. |
| 260 ## - PUBLICACIÓN, DISTRIBUCIÓN, ETC. | |
| Lugar de publicación, distribución, etc. | Paris : |
| Nombre del editor, distribuidor, etc. | [s.n.], |
| Fecha de publicación, distribución, etc. | 1921 ( |
| Lugar de fabricación/manufactura | Corbeil : |
| Fabricante | Crété) |
| 300 ## - DESCRIPCIÓN FÍSICA | |
| Extensión | XV, 335 p. ; |
| Dimensiones | 25 cm. |
| 650 #4 - PUNTO DE ACCESO ADICIONAL DE MATERIA--TÉRMINO DE MATERIA | |
| Término de materia o nombre geográfico como elemento de entrada | Corazón- |
| Subdivisión general | Enfermedades. |
| 9 (RLIN) | 144728 |
| 700 1# - ENTRADA AGREGADA--NOMBRE PERSONAL | |
| Nombre de persona | Pezzi, C. |
| 9 (RLIN) | 91616 |
| 700 1# - ENTRADA AGREGADA--NOMBRE PERSONAL | |
| Nombre de persona | Vaquez, Henri, |
| Fechas asociadas al nombre | 1860-1936 |
| 9 (RLIN) | 113106 |
| 852 ## - LOCALIZACIÓN | |
| Ubicación | ES-MaACL |
| Número de control de estantería | B-11486 |
| Estatus retirado | Estado de pérdida | Estado de daño | No para préstamo | Biblioteca de origen | Biblioteca actual | Ubicación en estantería | Fecha de adquisición | Fuente de adquisición | Total de préstamos | Signatura topográfica completa | Código de barras | Visto por última vez | Precio de reemplazo | Tipo de ítem Koha |
|---|---|---|---|---|---|---|---|---|---|---|---|---|---|---|
| Biblioteca del Ateneo de Madrid | Biblioteca del Ateneo de Madrid | Sala Pardo Bazán | 17/01/2008 | B-11486 | 1093727 | 23/02/2023 | 23/02/2023 | Libro impreso |
